[Event "Titled Tuesday intern op 01st June"]
[Site "Chess.com INT"]
[Date "2021.06.01"]
[Round "5"]
[White "Kesgin, Halit Kaan"]
[Black "Samsonkin, Artiom"]
[Result "0-1"]
[WhiteElo "2110"]
[BlackElo "2428"]
[PlyCount "188"]
[EventDate "2021.06.01"]
[EventType "swiss (blitz)"]
[EventRounds "11"]
[EventCountry "USA"]
[SourceTitle "CBM 202 Extra"]
[Source "ChessBase"]
[SourceDate "2021.07.31"]
[SourceVersion "1"]
[SourceVersionDate "2021.07.31"]
[SourceQuality "1"]

1. e4 c5 2. Nf3 d6 3. d4 cxd4 4. Qxd4 Nf6 5. e5 Nc6 6. Bb5 Qa5+ 7. Nc3 Qxb5 8. Nxb5 Nxd4 9. Nfxd4 dxe5 10. Nc7+ Kd7 11. Nxa8 exd4 12. Bf4 Nd5 13. 0-0-0 e6 14. Rxd4 Bc5 15. Rdd1 Kc6 16. Bg3 b5 17. a4 a6 18. a5 h5 19. h4 f5 20. Nb6 Bxb6 21. axb6 f4 22. Bh2 Kxb6 23. f3 Kc6 24. Bg1 e5 25. Bf2 Re8 26. Rhe1 Bf5 27. Bd4 e4 28. fxe4 Rxe4 29. Rxe4 Bxe4 30. Bxg7 Bxg2 31. Kd2 a5 32. b3 a4 33. bxa4 bxa4 34. Ra1 Kb5 35. c3 f3 36. Bd4 Bh3 37. Rb1+ Kc4 38. Rb8 a3 39. Ra8 Kb3 40. Rb8+ Ka2 41. c4 Ne7 42. Bc5 Nc6 43. Rf8 Kb3 44. Rxf3+ Kxc4 45. Bxa3 Bg4 46. Rf4+ Kd5 47. Ke3 Ne5 48. Bf8 Nc4+ 49. Kf2 Ne5 50. Kg3 Ng6 51. Rf6 Ne5 52. Bh6 Ke4 53. Bf4 Nd3 54. Rf8 Kd5 55. Re8 Nc5 56. Be3 Ne4+ 57. Kf4 Nd6 58. Kg5 Nxe8 59. Kh6 Nd6 60. Kg5 Nf5 61. Bf2 Ke4 62. Be1 Kf3 63. Kf6 Kg2 64. Kg5 Kh3 65. Bf2 Ng3 66. Be1 Ne4+ 67. Kf4 Nc5 68. Kg5 Nd3 69. Bd2 Nf2 70. Be1 Nd3 71. Bd2 Kg3 72. Be3 Kf3 73. Bd2 Nf2 74. Be1 Ne4+ 75. Kh6 Ke2 76. Ba5 Kf2 77. Bb4 Ng3 78. Kg5 Kf3 79. Be1 Ne4+ 80. Kh6 Nd6 81. Kg5 Nf7+ 82. Kg6 Ne5+ 83. Kg5 Nd3 84. Bc3 Nf4 85. Bd2 Ne2 86. Be1 Kg2 87. Kh6 Kf3 88. Kg5 Ke4 89. Ba5 Kd5 90. Kh6 Nd4 91. Kg5 Ke6 92. Be1 Nf3+ 93. Kf4 Nxe1 94. Kg3 Nf3 0-1

[Event "Titled Tuesday intern op 29th Dec"]
[Site "Chess.com INT"]
[Date "2020.12.29"]
[Round "7"]
[White "Orantes Taboada, Francisco"]
[Black "Kesgin, Halit Kaan"]
[Result "1/2-1/2"]
[WhiteElo "2247"]
[BlackElo "2110"]
[PlyCount "121"]
[EventDate "2020.12.29"]
[EventType "swiss (blitz)"]
[EventRounds "11"]
[EventCountry "USA"]
[SourceTitle "CBM 200 Extra"]
[Source "ChessBase"]
[SourceDate "2021.03.31"]
[SourceVersion "1"]
[SourceVersionDate "2021.03.31"]
[SourceQuality "1"]

1. Nf3 Nf6 2. g3 d5 3. Bg2 c5 4. 0-0 Nc6 5. d4 cxd4 6. Nxd4 e5 7. Nxc6 bxc6 8. c4 Be7 9. Nc3 Be6 10. cxd5 cxd5 11. Qa4+ Bd7 12. Qb3 Rb8 13. Qc2 d4 14. Ne4 0-0 15. Nxf6+ Bxf6 16. b3 Rc8 17. Qd2 Bf5 18. Ba3 Rc2 19. Qb4 Re8 20. Rfc1 Be7 21. Qa4 Bxa3 22. Qxa3 Rxe2 23. Qxa7 Qf6 24. Rf1 d3 25. a4 d2 26. Bf3 Bd3 27. Bxe2 Bxe2 28. Qe3 Bxf1 29. Rxf1 Rd8 30. Rd1 Qd6 31. a5 h6 32. Qc3 Qd3 33. Qxd3 Rxd3 34. b4 Rb3 35. Rxd2 Rxb4 36. Ra2 Rb7 37. a6 Ra7 38. Kg2 f5 39. Kf3 Kf7 40. Ke3 Ke6 41. Ra5 g5 42. f4 e4 43. Re5+ Kf6 44. Ra5 Ke6 45. Kd4 gxf4 46. gxf4 Rd7+ 47. Ke3 Ra7 48. Kd4 Kf6 49. Kc5 e3 50. Kb6 e2 51. Ra1 Rd7 52. Re1 Rd6+ 53. Kb7 Rd7+ 54. Kc6 Re7 55. Kb6 Re6+ 56. Ka5 Re7 57. Kb6 Re6+ 58. Kb7 Re7+ 59. Kb8 Re8+ 60. Kb7 Re7+ 61. Kb6 1/2-1/2

[Event "Titled Tuesday intern op 22nd Dec"]
[Site "Chess.com INT"]
[Date "2020.12.22"]
[Round "10"]
[White "Mammadov, Zaur Fazahir Oglu"]
[Black "Kesgin, Halit Kaan"]
[Result "0-1"]
[WhiteElo "2417"]
[BlackElo "2110"]
[PlyCount "110"]
[EventDate "2020.12.22"]
[EventType "swiss (blitz)"]
[EventRounds "11"]
[EventCountry "USA"]
[SourceTitle "CBM 199 Extra"]
[Source "ChessBase"]
[SourceDate "2021.01.31"]
[SourceVersion "1"]
[SourceVersionDate "2021.01.31"]
[SourceQuality "1"]

1. e4 c5 2. c3 d5 3. exd5 Qxd5 4. d4 Nc6 5. Nf3 Bg4 6. Be2 e6 7. 0-0 Nf6 8. h3 Bh5 9. Be3 cxd4 10. cxd4 Be7 11. Nc3 Qd6 12. Qb3 0-0 13. Rfd1 Qb4 14. g4 Bg6 15. Ne5 Qxb3 16. axb3 Bc2 17. Rdc1 Bxb3 18. Bf3 Nd5 19. Nxd5 Bxd5 20. Bxd5 exd5 21. Nxc6 bxc6 22. Rxc6 Rfb8 23. Rc7 Bf8 24. Ra2 Rb5 25. Bf4 a5 26. Kg2 h6 27. h4 Bb4 28. Ra1 Re8 29. Be5 Be7 30. h5 Rxb2 31. Rxa5 Bh4 32. Bg3 Bxg3 33. Kxg3 Rd8 34. Raa7 Rb3+ 35. f3 Rf8 36. Rd7 Rb5 37. Kf4 g6 38. hxg6 fxg6+ 39. Kg3 Rf6 40. Rg7+ Kh8 41. Rh7+ Kg8 42. Rag7+ Kf8 43. Rd7 Kg8 44. Rhg7+ Kh8 45. g5 hxg5 46. Kg4 Rb3 47. Kxg5 Rbxf3 48. Rge7 R3f5+ 49. Kg4 Kg8 50. Rg7+ Kh8 51. Rh7+ Kg8 52. Rdg7+ Kf8 53. Rxg6 Rf4+ 54. Kg5 R6f5+ 55. Kh6 Rh4# 0-1

[Event "TUR Cup"]
[Site "Antalya"]
[Date "2020.01.31"]
[Round "9"]
[White "Ozalp, Burak"]
[Black "Kesgin, Halit Kaan"]
[Result "0-1"]
[WhiteElo "1897"]
[BlackElo "2061"]
[PlyCount "124"]
[EventDate "2020.01.26"]
[EventType "swiss"]
[EventRounds "11"]
[EventCountry "TUR"]
[SourceTitle "CBM 194 Extra"]
[Source "ChessBase"]
[SourceDate "2020.03.31"]
[SourceVersion "1"]
[SourceVersionDate "2020.03.31"]
[SourceQuality "1"]

1. e4 e6 2. d4 d5 3. Nc3 Bb4 4. Nge2 dxe4 5. a3 Be7 6. Nxe4 Nf6 7. Qd3 0-0 8. Bf4 Nbd7 9. Nxf6+ Bxf6 10. 0-0-0 Bg5 11. Qg3 Bxf4+ 12. Nxf4 Nf6 13. Bd3 b6 14. Rhe1 Bb7 15. Re5 h6 16. Qh3 c5 17. dxc5 Qc7 18. Rde1 bxc5 19. c3 c4 20. Bc2 Rad8 21. Nh5 Nxh5 22. Qxh5 Rd5 23. Rxd5 Bxd5 24. g3 Qb6 25. Re2 Qc6 26. Qe5 Qb6 27. Qd4 Qxd4 28. cxd4 Rd8 29. Kd2 Kf8 30. Kc3 Rb8 31. f4 g6 32. h4 Ke7 33. Re5 Kd6 34. Re2 Bf3 35. Rf2 Bd5 36. Rh2 Ke7 37. h5 gxh5 38. Rxh5 Rg8 39. Rxh6 Rxg3+ 40. Kd2 Rg4 41. f5 Rxd4+ 42. Kc3 Rf4 43. fxe6 fxe6 44. Rh7+ Kd6 45. Rxa7 Kc5 46. Rc7+ Kd6 47. Rh7 Rf3+ 48. Kd2 Rf2+ 49. Kc3 Rxc2+ 50. Kxc2 Be4+ 51. Kc3 Bxh7 52. Kxc4 e5 53. a4 Bg8+ 54. Kc3 Kd5 55. b4 Bh7 56. a5 Kc6 57. Kc4 Bg8+ 58. Kd3 Bd5 59. Kd2 Kb5 60. Kc3 Ba8 61. Kb3 Bb7 62. Kc3 Bd5 0-1

[Event "TUR Cup"]
[Site "Antalya"]
[Date "2020.01.30"]
[Round "7"]
[White "Kamer, Kayra"]
[Black "Kesgin, Halit Kaan"]
[Result "1/2-1/2"]
[WhiteElo "2348"]
[BlackElo "2061"]
[PlyCount "130"]
[EventDate "2020.01.26"]
[EventType "swiss"]
[EventRounds "11"]
[EventCountry "TUR"]
[SourceTitle "CBM 194 Extra"]
[Source "ChessBase"]
[SourceDate "2020.03.31"]
[SourceVersion "1"]
[SourceVersionDate "2020.03.31"]
[SourceQuality "1"]

1. Nf3 d5 2. g3 Nf6 3. Bg2 c5 4. 0-0 Nc6 5. d3 g6 6. c3 Bg7 7. Qa4 0-0 8. Qh4 Re8 9. e4 dxe4 10. dxe4 Bg4 11. h3 Bxf3 12. Bxf3 Qd3 13. Bg2 Ne5 14. Qf4 Nc4 15. Re1 Nh5 16. Qf3 Ne5 17. Qe3 Rad8 18. Qxc5 Nxg3 19. fxg3 Qxg3 20. Rf1 Rd3 21. Qf2 Nf3+ 22. Qxf3 Rxf3 23. Rxf3 Qe1+ 24. Rf1 Qe2 25. Bf3 Qd3 26. Bf4 e5 27. Bh2 f5 28. Na3 fxe4 29. Bg2 Rd8 30. Rae1 e3 31. Bf3 e4 32. Be2 Qd7 33. Bc4+ Kh8 34. Rxe3 Rf8 35. Rxf8+ Bxf8 36. Rxe4 h5 37. Be5+ Bg7 38. Bf4 g5 39. Bxg5 Qxh3 40. Bf4 Qf3 41. Re8+ Kh7 42. Be3 Bf6 43. Bf2 h4 44. Be2 Qf4 45. Re3 Be5 46. Kf1 Qh2 47. Bg4 Bg3 48. Bg1 Qxb2 49. Nc4 Qb1+ 50. Kg2 Qxa2+ 51. Be2 b5 52. Ne5 Qd5+ 53. Bf3 Qxe5 54. Rxe5 Bxe5 55. Bd4 Bxd4 56. cxd4 Kg6 57. Kf2 Kf5 58. Bc6 h3 59. Ke3 h2 60. Kd3 a5 61. Kc3 Ke6 62. Bg2 Kd6 63. Kb3 Ke6 64. Bh1 Kd6 65. Bg2 Ke6 1/2-1/2

[Event "TUR Cup"]
[Site "Antalya"]
[Date "2020.01.29"]
[Round "6"]
[White "Kesgin, Halit Kaan"]
[Black "Ozenir, Ekin Baris"]
[Result "1-0"]
[WhiteElo "2061"]
[BlackElo "2285"]
[PlyCount "87"]
[EventDate "2020.01.26"]
[EventType "swiss"]
[EventRounds "11"]
[EventCountry "TUR"]
[SourceTitle "CBM 194 Extra"]
[Source "ChessBase"]
[SourceDate "2020.03.31"]
[SourceVersion "1"]
[SourceVersionDate "2020.03.31"]
[SourceQuality "1"]

1. e4 c6 2. d4 d5 3. Nd2 dxe4 4. Nxe4 Bf5 5. Ng3 Bg6 6. N1e2 e6 7. Nf4 Bd6 8. c3 Qc7 9. Nfh5 Bxh5 10. Nxh5 g6 11. Ng3 Nf6 12. Qf3 Nbd7 13. Bd3 h6 14. Bd2 0-0-0 15. 0-0-0 Rde8 16. Kb1 Kb8 17. Rhe1 Ka8 18. Nf1 Bf8 19. Bf4 Qb6 20. Ne3 Qa5 21. h3 Be7 22. Bh2 Rhf8 23. Rc1 h5 24. Red1 Rc8 25. g4 hxg4 26. hxg4 Nb6 27. Be5 Nbd7 28. Bg3 Nb6 29. c4 g5 30. Bf1 Qb4 31. Rc3 Qa4 32. c5 Nbd5 33. Ra3 Qxa3 34. bxa3 Nc3+ 35. Kc2 Nxd1 36. Qxd1 Rfd8 37. Qa1 Ne4 38. Be5 f6 39. Bh2 Rh8 40. Bg1 f5 41. gxf5 exf5 42. Nxf5 Bf6 43. Qd1 Rhe8 44. f3 1-0

[Event "EU-chT U18"]
[Site "Bad Blankenburg"]
[Date "2018.07.18"]
[Round "7.1"]
[White "Kesgin, Halit Kaan"]
[Black "Schmidek, Emil"]
[Result "0-1"]
[WhiteElo "2049"]
[BlackElo "2376"]
[PlyCount "134"]
[EventDate "2018.07.12"]
[EventType "team-swiss"]
[EventRounds "7"]
[EventCountry "GER"]
[SourceTitle "CBM 185 Extra"]
[Source "ChessBase"]
[SourceDate "2018.07.29"]
[SourceVersion "1"]
[SourceVersionDate "2018.07.29"]
[SourceQuality "1"]
[WhiteTeam "Turkey U18"]
[BlackTeam "Germany U18 II"]
[WhiteTeamCountry "TUR"]
[BlackTeamCountry "GER"]

1. e4 e5 2. Nf3 Nc6 3. Bb5 a6 4. Ba4 Nf6 5. 0-0 Be7 6. Re1 b5 7. Bb3 d6 8. c3 0-0 9. h3 Nb8 10. d4 Nbd7 11. Nbd2 Bb7 12. Bc2 Re8 13. Nf1 Bf8 14. Ng3 g6 15. Bd2 Bg7 16. Qc1 c5 17. d5 c4 18. Bh6 Bh8 19. Nh4 Nc5 20. Bg5 Bg7 21. Bh6 Kh8 22. Bxg7+ Kxg7 23. Re3 Bc8 24. Nf3 Bd7 25. b4 cxb3 26. axb3 a5 27. Nd2 Qc7 28. Rf3 h6 29. Ndf1 Rec8 30. Rxf6 Kxf6 31. Qxh6 Rh8 32. Nh5+ Ke7 33. Qg5+ Kf8 34. Nf6 Qd8 35. Ng3 Be8 36. f4 exf4 37. Qxf4 Qe7 38. b4 Nd7 39. Nxd7+ Bxd7 40. bxa5 Kg7 41. Ne2 Rhc8 42. Bd3 Qe5 43. Qe3 Ra6 44. Qd4 Qxd4+ 45. Nxd4 Rxc3 46. Bxb5 Bxb5 47. Nxb5 Rc5 48. Rb1 Kf6 49. Nd4 Rcxa5 50. Rf1+ Kg7 51. Nc6 Rc5 52. Nd8 Ra7 53. Rf4 Rc2 54. Kh2 Raa2 55. Rg4 Re2 56. Nb7 Ra6 57. Kg3 Kf8 58. Nd8 Raa2 59. Kh2 Ke8 60. Nc6 Ra4 61. Rh4 Kf8 62. Kg3 Raxe4 63. Rxe4 Rxe4 64. Kf3 Re1 65. g3 Kg7 66. Kf4 Rd1 67. Ke4 f5+ 0-1

[Event "TUR-chT"]
[Site "Kocaeli"]
[Date "2017.08.03"]
[Round "9.3"]
[White "Kamer, Kayra"]
[Black "Kesgin, Halit Kaan"]
[Result "1-0"]
[WhiteElo "2062"]
[BlackElo "2207"]
[PlyCount "93"]
[EventDate "2017.07.26"]
[EventType "team-tourn"]
[EventRounds "13"]
[EventCountry "TUR"]
[SourceTitle "CBM 179 Extra"]
[Source "ChessBase"]
[SourceDate "2017.08.23"]
[SourceVersion "1"]
[SourceVersionDate "2017.08.23"]
[SourceQuality "1"]
[WhiteTeam "Mersin Zeka"]
[BlackTeam "Istanbul Bogazici Univ"]
[WhiteTeamCountry "TUR"]
[BlackTeamCountry "TUR"]

1. e4 e6 2. d4 d5 3. Nd2 c5 4. Ngf3 cxd4 5. Nxd4 Nc6 6. Bb5 Bd7 7. Nxc6 Bxc6 8. Bxc6+ bxc6 9. c4 Nf6 10. Qa4 Qd7 11. e5 Ng8 12. 0-0 Ne7 13. cxd5 cxd5 14. Qxd7+ Kxd7 15. Nb3 Nc6 16. f4 a5 17. Be3 a4 18. Nc5+ Bxc5 19. Bxc5 Rhb8 20. Rf2 Rb5 21. Bd6 Na5 22. b3 Nb7 23. bxa4 Rxa4 24. Bf8 g6 25. Rc1 Na5 26. g4 Nc4 27. a3 Rb8 28. Bb4 Rba8 29. Rfc2 R8a7 30. Rxc4 dxc4 31. Rxc4 Rc7 32. Rd4+ Kc6 33. Kf2 Ra8 34. Ke3 Kb5 35. f5 Rc4 36. Rd7 Rxg4 37. f6 Rg5 38. Bd6 Rc8 39. Rxf7 Rc3+ 40. Kd4 Rh3 41. a4+ Kb6 42. a5+ Ka6 43. Bb8 Kxa5 44. Kc5 Rc3+ 45. Kd6 Rd3+ 46. Kxe6 Kb6 47. Rxh7 1-0

[Event "TUR-chT"]
[Site "Kocaeli"]
[Date "2017.07.28"]
[Round "3.2"]
[White "Kesgin, Halit Kaan"]
[Black "Dolgun, Can"]
[Result "1-0"]
[WhiteElo "2207"]
[BlackElo "2104"]
[PlyCount "103"]
[EventDate "2017.07.26"]
[EventType "team-tourn"]
[EventRounds "13"]
[EventCountry "TUR"]
[SourceTitle "CBM 179 Extra"]
[Source "ChessBase"]
[SourceDate "2017.08.23"]
[SourceVersion "1"]
[SourceVersionDate "2017.08.23"]
[SourceQuality "1"]
[WhiteTeam "Istanbul Bogazici Univ"]
[BlackTeam "Varyant Yontem"]
[WhiteTeamCountry "TUR"]
[BlackTeamCountry "TUR"]

1. e4 c5 2. Nf3 d6 3. Bb5+ Nd7 4. d4 cxd4 5. Qxd4 a6 6. Bxd7+ Bxd7 7. c4 e5 8. Qd3 b5 9. Nc3 bxc4 10. Qxc4 Be6 11. Qc6+ Bd7 12. Qc4 Be6 13. Qd3 h6 14. 0-0 Nf6 15. Rd1 Be7 16. Ne1 0-0 17. Nc2 Qb8 18. Ne3 Rc8 19. b3 Ra7 20. Bd2 Rac7 21. Rac1 Qa8 22. f3 Qa7 23. g3 Rc6 24. Kg2 Bd8 25. Ncd5 Nxd5 26. Rxc6 Nf4+ 27. gxf4 Rxc6 28. f5 Bc8 29. Nd5 a5 30. Be3 Qd7 31. Qd2 f6 32. Kh1 Ba6 33. Rg1 g5 34. fxg6 Qh3 35. Ne7+ Kf8 36. g7+ Kxe7 37. g8Q Qxf3+ 38. Qgg2 Qxg2+ 39. Rxg2 Kd7 40. Rg7+ Kc8 41. Qd5 Bb7 42. Qf7 Rc7 43. Qe6+ Kb8 44. Rxc7 Bxe4+ 45. Kg1 Bxc7 46. Qe8+ Kb7 47. Qb5+ Kc8 48. Bb6 Bxb6+ 49. Qxb6 a4 50. bxa4 Bb7 51. a5 d5 52. a6 1-0

[Event "TUR-chT"]
[Site "Kocaeli"]
[Date "2017.07.27"]
[Round "2.5"]
[White "Ozates, Tuna"]
[Black "Kesgin, Halit Kaan"]
[Result "1/2-1/2"]
[WhiteElo "2291"]
[BlackElo "2207"]
[PlyCount "117"]
[EventDate "2017.07.26"]
[EventType "team-tourn"]
[EventRounds "13"]
[EventCountry "TUR"]
[SourceTitle "CBM 179 Extra"]
[Source "ChessBase"]
[SourceDate "2017.08.23"]
[SourceVersion "1"]
[SourceVersionDate "2017.08.23"]
[SourceQuality "1"]
[WhiteTeam "Manisa TS Alyans"]
[BlackTeam "Istanbul Bogazici Univ"]
[WhiteTeamCountry "TUR"]
[BlackTeamCountry "TUR"]

1. e4 e6 2. d4 d5 3. Nd2 Nf6 4. e5 Nfd7 5. Bd3 c5 6. c3 Nc6 7. Ne2 cxd4 8. cxd4 f6 9. exf6 Nxf6 10. Nf3 Bd6 11. 0-0 Qc7 12. Bg5 0-0 13. Bh4 e5 14. dxe5 Nxe5 15. Nxe5 Bxe5 16. Bg3 Bg4 17. Rc1 Qd6 18. Qb3 Bxe2 19. Bxe2 Bxg3 20. hxg3 b6 21. Bf3 Rac8 22. Rcd1 Rfd8 23. Rd4 Rc5 24. Rfd1 g5 25. Qe3 h6 26. b4 Rcc8 27. Bxd5+ Nxd5 28. Rxd5 Qf6 29. Qd3 Rf8 30. Qd2 Rc6 31. Rd7 a5 32. Qd5+ Kh8 33. Qe4 Qg6 34. Qe7 Re8 35. Rd8 Re6 36. Qd7 axb4 37. Qd4+ Qg7 38. Qxb4 Qf6 39. Rxe8+ Rxe8 40. Qb5 Rf8 41. Qe2 Rd8 42. Rb1 Kg7 43. Qe3 Rd6 44. Re1 Rd7 45. Rb1 Rd6 46. Re1 Rd7 47. a3 Qd4 48. Qxd4+ Rxd4 49. Re6 Rd1+ 50. Kh2 Ra1 51. Rxb6 Rxa3 52. f4 Ra4 53. f5 g4 54. Rc6 h5 55. Rg6+ Kh7 56. Rg5 Kh6 57. Rg6+ Kh7 58. Rg5 Kh6 59. Rg6+ 1/2-1/2

[Event "Izmir MTS 6th"]
[Site "Izmir"]
[Date "2017.07.12"]
[Round "9.4"]
[White "Nevednichy, Vladislav"]
[Black "Kesgin, Halit Kaan"]
[Result "1-0"]
[WhiteElo "2524"]
[BlackElo "2207"]
[PlyCount "101"]
[EventDate "2017.07.07"]
[EventType "schev"]
[EventRounds "10"]
[EventCountry "TUR"]
[SourceTitle "CBM 179 Extra"]
[Source "ChessBase"]
[SourceDate "2017.08.23"]
[SourceVersion "1"]
[SourceVersionDate "2017.08.23"]
[SourceQuality "1"]
[WhiteTeam "Blue Team"]
[BlackTeam "White Team"]
[WhiteTeamCountry "TUR"]
[BlackTeamCountry "TUR"]

1. e4 e6 2. d4 d5 3. Nd2 c5 4. Ngf3 cxd4 5. Nxd4 Nc6 6. Bb5 Bd7 7. Nxc6 Bxc6 8. Bxc6+ bxc6 9. c4 Bc5 10. Qa4 Qd7 11. 0-0 Ne7 12. b4 Bb6 13. Bb2 0-0 14. Rad1 Qb7 15. Qc2 Rac8 16. Nf3 Ng6 17. h4 f5 18. exd5 cxd5 19. c5 Bd8 20. h5 Nf4 21. Rfe1 Bf6 22. Bc1 Nxh5 23. Rxe6 Qxb4 24. Rxd5 Nf4 25. Bxf4 Qxf4 26. Rxf5 Qb4 27. c6 Kh8 28. c7 Rxc7 29. Qxc7 Qb1+ 30. Re1 Qxf5 31. Qf7 Qc8 32. Qxa7 h6 33. a4 Qc6 34. a5 Ra8 35. Qb6 Qa4 36. Rc1 Rxa5 37. Nh4 Qb5 38. Ng6+ Kh7 39. Nf8+ Kh8 40. Qe6 Qg5 41. Ng6+ Kh7 42. Nf8+ Kh8 43. Re1 Ra1 44. Rxa1 Bxa1 45. Ng6+ Kh7 46. Ne7 Qc1+ 47. Kh2 Qc7+ 48. g3 Qd8 49. f4 Bf6 50. Nd5 Bd4 51. Qe4+ 1-0

[Event "Izmir MTS 6th"]
[Site "Izmir"]
[Date "2017.07.10"]
[Round "6.10"]
[White "Kesgin, Halit Kaan"]
[Black "Bulmaga, Irina"]
[Result "0-1"]
[WhiteElo "2207"]
[BlackElo "2412"]
[PlyCount "72"]
[EventDate "2017.07.07"]
[EventType "schev"]
[EventRounds "10"]
[EventCountry "TUR"]
[SourceTitle "CBM 179 Extra"]
[Source "ChessBase"]
[SourceDate "2017.08.23"]
[SourceVersion "1"]
[SourceVersionDate "2017.08.23"]
[SourceQuality "1"]
[WhiteTeam "White Team"]
[BlackTeam "Blue Team"]
[WhiteTeamCountry "TUR"]
[BlackTeamCountry "TUR"]

1. e4 c5 2. Nf3 Nc6 3. Bb5 g6 4. Bxc6 bxc6 5. 0-0 Bg7 6. Re1 Nh6 7. c3 0-0 8. d4 cxd4 9. cxd4 d5 10. e5 f6 11. h3 fxe5 12. Nxe5 Qb6 13. b3 Nf7 14. Nf3 e5 15. Nc3 e4 16. Na4 Qd8 17. Nh2 Qh4 18. Be3 h5 19. Rc1 Bxh3 20. Rxc6 Bf5 21. Qd2 Kh7 22. Rc5 Be6 23. Rc7 Qf6 24. Rec1 Rfc8 25. Rxc8 Rxc8 26. Rxc8 Bxc8 27. Qa5 Nd6 28. Qxa7 Nf5 29. Nc3 Nxe3 30. fxe3 Qg5 31. Nf1 Bh3 32. g3 Bxf1 33. Kxf1 Qxe3 34. Ne2 Qf3+ 35. Ke1 e3 36. Qa6 Qh1+ 0-1

[Event "Izmir MTS 6th"]
[Site "Izmir"]
[Date "2017.07.08"]
[Round "2.8"]
[White "Kesgin, Halit Kaan"]
[Black "Gokerkan, Cem Kaan"]
[Result "0-1"]
[WhiteElo "2207"]
[BlackElo "2321"]
[PlyCount "80"]
[EventDate "2017.07.07"]
[EventType "schev"]
[EventRounds "10"]
[EventCountry "TUR"]
[SourceTitle "CBM 179 Extra"]
[Source "ChessBase"]
[SourceDate "2017.08.23"]
[SourceVersion "1"]
[SourceVersionDate "2017.08.23"]
[SourceQuality "1"]
[WhiteTeam "White Team"]
[BlackTeam "Blue Team"]
[WhiteTeamCountry "TUR"]
[BlackTeamCountry "TUR"]

1. e4 c5 2. Nf3 d6 3. Bb5+ Nd7 4. d4 cxd4 5. Qxd4 a6 6. Bxd7+ Bxd7 7. c4 b5 8. Nc3 e5 9. Qd3 bxc4 10. Qxc4 Be6 11. Qc6+ Bd7 12. Qc4 Be6 13. Qd3 h6 14. Be3 Nf6 15. Rc1 Be7 16. 0-0 0-0 17. b3 Qa5 18. Rfd1 Rfd8 19. Bd2 Qb6 20. h3 Qb7 21. Qe3 Rac8 22. Re1 Rc5 23. Nh2 Qa8 24. Nf1 d5 25. exd5 Nxd5 26. Qg3 Nf4 27. Bxf4 exf4 28. Qxf4 Bg5 29. Qb4 Rdc8 30. Ne3 a5 31. Qa4 Rxc3 32. Rxc3 Rxc3 33. Nc4 Rc2 34. Nxa5 Bd2 35. Re5 Rc1+ 36. Kh2 Qb8 37. f4 Qb6 38. Rb5 Qg1+ 39. Kg3 Rc3+ 40. Kh4 Qf2+ 0-1